000
00286nam a22001337a 4500
008
170324b xxu||||| |||| 00| 0 eng d
020
_a
9780600617488
041
_a
eng
080
_a
615.82
100
_a
8
101
_a
SHM
245
_a
FITBALL WORKOUT
_c
ENDACOTT, J
942
_2
udc
_c
BK
999
_c
8610
_d
8610